| 000 | 00679nam a2200217Ia 4500 | ||
|---|---|---|---|
| 001 | 18570 | ||
| 003 | GE_BSU | ||
| 008 | 181216s||||||||xx |||||||||||||| ||und|| | ||
| 020 | _a9780199589906 (hbk.) | ||
| 040 | _cGE_BSU | ||
| 080 | _a327.1 | ||
| 245 | _aGoverning the bomb : civilian control and democratic accountability of nuclear weapons | ||
| 245 | _cedited by Hans Born, Bates Gill, Heiner Hanggi. | ||
| 260 | _aOxford | ||
| 260 | _bOxford University Press | ||
| 260 | _c2010 | ||
| 300 | _axiii, 249 p. ; 24 cm. | ||
| 653 | _aGoverning the bomb : civilian control and democratic accountability of nuclear weapons | ||
| 653 | _aპოლიტიკა | ||
| 942 | _cBK | ||
| 999 |
_c51579 _d51579 |
||